| 000 | 01420nab a22002417a 4500 | ||
|---|---|---|---|
| 999 |
_c5681 _d5681 |
||
| 003 | OSt | ||
| 005 | 20251226233133.0 | ||
| 008 | 190603e xxum|||| |||| 00| 0 spa d | ||
| 040 | _cPJ | ||
| 100 |
_92527 _aCompagnucci de Caso, Rubén H. |
||
| 245 | 1 | 0 |
_aResponsabilidad civil de los padres / _cRubén H. Compagnucci de Caso. |
| 260 |
_cCiudad Autónoma de Buenos Aires : _aThomson Reuters La Ley, _b2025. |
||
| 300 | _ap. 129-136 | ||
| 500 | _aCita: TR LALEY AR/DOC/1769/2025 Publicado en: RCCyC 2025 (agosto). | ||
| 505 | _aSumario: I. Introducción.— II. Breves antecedentes históricos.— III. Legislación nacional.— IV. Fundamentos de la responsabilidad.— V. Personas responsables.— VI. Requisitos de la responsabilidad.— VII. Minoridad y sometimiento a responsabilidad parental.— VIII. Habitación.— IX. Acto ilícito que cause daños a terceros.— X. Causales de exención.— XI. Acciones de la víctima.— XII. Acción recursoria. | ||
| 505 | _t¿Te interesa el texto completo? Solicitalo al correo: koha@justierradelfuego.gov.ar | ||
| 650 | 0 |
_91497 _aCODIGO CIVIL Y COMERCIAL |
|
| 650 | 0 |
_91467 _aRESPONSABILIDAD CIVIL |
|
| 650 | 0 |
_91015 _aRESPONSABILIDAD PARENTAL |
|
| 650 | 0 |
_93674 _aRESPONSABILIDAD DE LOS PADRES |
|
| 773 | 0 |
_02713 _93170 _dCiudad Autónoma de Buenos Aires : Thomson Reuters La Ley, 2015- _tRevista Código Civil y Comercial. Nº 4 - Agosto 2025 |
|
| 942 |
_2udc _cANA |
||